[Event "Agen 2017 - National Féminin"]
[Site "?"]
[Date "2017.08.25"]
[Round "7.1"]
[White "Safranska, Anda"]
[Black "Milliet, Sophie"]
[Result "1/2-1/2"]
[BlackElo "2362"]
[WhiteElo "2224"]
[LiveChessVersion "1.4.8"]

1. e4 {[%clk 1:30:55]} c5 {[%clk 1:30:56]} 2. Nc3 {[%clk 1:31:01]} Nc6
{[%clk 1:30:56]} 3. g3 {[%clk 1:31:20]} g6 {[%clk 1:31:17]} 4. Bg2
{[%clk 1:31:36]} Bg7 {[%clk 1:31:43]} 5. d3 {[%clk 1:31:44]} d6 {[%clk 1:32:09]}
6. Be3 {[%clk 1:30:51]} e5 {[%clk 1:31:45]} 7. Nh3 {[%clk 1:26:01]} Nge7
{[%clk 1:29:02]} 8. f4 {[%clk 1:25:55]} Nd4 {[%clk 1:27:03]} 9. O-O
{[%clk 1:26:03]} O-O {[%clk 1:25:29]} 10. Qd2 {[%clk 1:26:11]} Bg4
{[%clk 1:24:44]} 11. Kh1 {[%clk 1:21:27]} Qd7 {[%clk 1:19:35]} 12. Ng1
{[%clk 1:21:41]} b5 {[%clk 1:08:00]} 13. Nd1 {[%clk 1:20:15]} b4 {[%clk 0:59:50]}
14. c3 {[%clk 1:09:36]} bxc3 {[%clk 0:59:41]} 15. bxc3 {[%clk 1:10:01]} Ndc6
{[%clk 0:57:22]} 16. f5 {[%clk 1:07:10]} gxf5 {[%clk 0:51:53]} 17. Bh6
{[%clk 0:59:06]} Bxh6 {[%clk 0:41:17]} 18. Qxh6 {[%clk 0:59:26]} Qe6
{[%clk 0:41:45]} 19. Qh4 {[%clk 0:47:34]} Ng6 {[%clk 0:39:13]} 20. Qg5
{[%clk 0:38:34]} f6 {[%clk 0:39:08]} 21. Qh6 {[%clk 0:35:42]} f4 {[%clk 0:36:43]}
22. Nf2 {[%clk 0:34:53]} fxg3 {[%clk 0:36:18]} 23. hxg3 {[%clk 0:34:28]} Rab8
{[%clk 0:31:43]} 24. Nf3 {[%clk 0:29:36]} Rb2 {[%clk 0:25:39]} 25. Nh4
{[%clk 0:19:52]} Nce7 {[%clk 0:23:32]} 26. Rab1 {[%clk 0:12:56]} Rfb8
{[%clk 0:18:57]} 27. Rxb2 {[%clk 0:09:27]} Rxb2 {[%clk 0:19:26]} 28. Nxg4
{[%clk 0:09:11]} Qxg4 {[%clk 0:19:55]} 29. Nf5 Nxf5 {[%clk 0:14:26]} 30. exf5
{[%clk 0:09:36]} Ne7 {[%clk 0:14:04]} 31. Qxf6 {[%clk 0:06:30]} Qh5+
{[%clk 0:11:42]} 32. Qh4 {[%clk 0:04:24]} Nxf5 {[%clk 0:11:39]} 33. Rxf5
{[%clk 0:04:12]} Qxf5 {[%clk 0:12:07]} 34. Bd5+ {[%clk 0:02:21]} Kg7
{[%clk 0:11:57]} 35. Qe7+ {[%clk 0:02:41]} Kh6 {[%clk 0:11:40]} 36. Qxd6+
{[%clk 0:03:05]} Kg5 {[%clk 0:11:42]} 37. Bg2 {[%clk 0:02:28]} Qf6
{[%clk 0:10:55]} 38. Qd7 {[%clk 0:01:59]} Rxa2 {[%clk 0:05:37]} 39. Qd5
{[%clk 0:00:48]} Qh6+ {[%clk 0:04:46]} 40. Kg1 {[%clk 0:31:10]} Ra1+
{[%clk 0:35:04]} 41. Kf2 {[%clk 0:30:14]} Qf6+ {[%clk 0:24:10]} 42. Bf3
{[%clk 0:30:36]} Kh6 {[%clk 0:23:59]} 43. Ke2 {[%clk 0:28:57]} Qb6
{[%clk 0:16:48]} 44. Bg2 {[%clk 0:27:41]} Rb1 {[%clk 0:12:30]} 45. Qxe5
{[%clk 0:19:23]} Qb2+ {[%clk 0:12:49]} 46. Kf3 {[%clk 0:19:43]} Qb7+
{[%clk 0:13:15]} 47. Kf2 {[%clk 0:16:10]} Rb2+ {[%clk 0:13:17]} 48. Ke3
{[%clk 0:16:29]} Qf7 {[%clk 0:06:12]} 49. Bf3 {[%clk 0:14:28]} Rb6
{[%clk 0:04:04]} 50. Qxc5 {[%clk 0:14:08]} Re6+ {[%clk 0:04:04]} 51. Be4
{[%clk 0:10:52]} Qf1 {[%clk 0:04:27]} 52. Qc7 {[%clk 0:09:55]} Qg1+
{[%clk 0:04:29]} 53. Kd2 {[%clk 0:07:42]} Qf2+ {[%clk 0:04:07]} 54. Kd1
{[%clk 0:08:03]} Qf1+ {[%clk 0:04:03]} 55. Kd2 {[%clk 0:08:27]} Qf2+
{[%clk 0:04:27]} 56. Kd1 {[%clk 0:08:53]} Qf1+ {[%clk 0:04:48]} 57. Kd2 1/2-1/2

[Event "Agen 2017 - National Féminin"]
[Site "?"]
[Date "2017.08.25"]
[Round "7.2"]
[White "Haussernot, Cecile"]
[Black "Benmesbah, Natacha"]
[Result "1/2-1/2"]
[BlackElo "2271"]
[WhiteElo "2077"]
[LiveChessVersion "1.4.8"]

1. e4 {[%clk 1:30:57]} c5 {[%clk 1:30:48]} 2. Nf3 {[%clk 1:31:21]} Nc6
{[%clk 1:31:06]} 3. Nc3 {[%clk 1:31:44]} g6 {[%clk 1:31:10]} 4. Bc4
{[%clk 1:32:02]} Bg7 {[%clk 1:29:43]} 5. O-O {[%clk 1:32:19]} d6 {[%clk 1:27:31]}
6. h3 {[%clk 1:32:34]} Nf6 {[%clk 1:27:24]} 7. d3 {[%clk 1:32:50]} O-O
{[%clk 1:27:21]} 8. a4 {[%clk 1:33:15]} e6 {[%clk 1:18:16]} 9. Ba2
{[%clk 1:31:25]} d5 {[%clk 1:17:14]} 10. Bg5 {[%clk 1:28:40]} h6 {[%clk 1:05:27]}
11. Bh4 {[%clk 1:13:09]} dxe4 {[%clk 0:59:49]} 12. dxe4 {[%clk 1:07:25]} Qb6
{[%clk 0:58:21]} 13. Qd2 {[%clk 0:59:18]} Nd4 {[%clk 0:57:01]} 14. e5
{[%clk 0:56:00]} Nd7 {[%clk 0:54:44]} 15. Nxd4 {[%clk 0:54:46]} cxd4
{[%clk 0:55:08]} 16. Ne4 {[%clk 0:54:59]} Nxe5 {[%clk 0:49:21]} 17. Be7
{[%clk 0:54:28]} Qc6 {[%clk 0:40:32]} 18. Rae1 {[%clk 0:43:56]} f5
{[%clk 0:36:17]} 19. Bxf8 {[%clk 0:39:37]} Kxf8 {[%clk 0:36:43]} 20. f4
{[%clk 0:39:49]} Nf7 {[%clk 0:35:06]} 21. Nf2 {[%clk 0:35:58]} Bd7
{[%clk 0:32:21]} 22. Nd3 {[%clk 0:33:44]} Rc8 {[%clk 0:32:31]} 23. Bb3
{[%clk 0:30:31]} Kg8 {[%clk 0:30:50]} 24. Re2 {[%clk 0:30:36]} Kh7
{[%clk 0:30:11]} 25. Qb4 {[%clk 0:24:23]} Re8 {[%clk 0:25:02]} 26. Ne5
{[%clk 0:23:30]} Nxe5 {[%clk 0:22:08]} 27. fxe5 {[%clk 0:23:52]} Bf8
{[%clk 0:18:55]} 28. Qd2 {[%clk 0:22:10]} Qc5 {[%clk 0:18:54]} 29. Kh2
{[%clk 0:18:50]} Bg7 {[%clk 0:18:09]} 30. Qf4 {[%clk 0:19:04]} g5
{[%clk 0:13:58]} 31. Qg3 {[%clk 0:19:27]} b5 {[%clk 0:14:20]} 32. c3
{[%clk 0:18:17]} dxc3 {[%clk 0:10:30]} 33. Rc1 {[%clk 0:17:56]} bxa4
{[%clk 0:06:40]} 34. Rxc3 {[%clk 0:18:07]} Qa5 {[%clk 0:05:12]} 35. Bc2
{[%clk 0:17:49]} Kh8 {[%clk 0:05:37]} 36. Qe3 {[%clk 0:17:23]} Qb6
{[%clk 0:04:17]} 37. Rc5 {[%clk 0:12:13]} Bf8 {[%clk 0:02:44]} 38. Rc3
{[%clk 0:12:23]} Bb5 {[%clk 0:01:42]} 39. Bd3 {[%clk 0:11:26]} Qxe3
{[%clk 0:01:29]} 40. Rxe3 {[%clk 0:41:50]} a6 {[%clk 0:31:49]} 41. Rc7
{[%clk 0:40:34]} Rd8 {[%clk 0:28:01]} 42. Bxb5 {[%clk 0:37:47]} axb5
{[%clk 0:28:28]} 43. Rec3 {[%clk 0:38:04]} b4 {[%clk 0:24:38]} 44. R3c6
{[%clk 0:37:12]} Ra8 {[%clk 0:21:11]} 45. Rxe6 {[%clk 0:29:38]} a3
{[%clk 0:21:36]} 46. Rc1 {[%clk 0:30:02]} Bg7 {[%clk 0:17:38]} 47. g4
{[%clk 0:24:39]} fxg4 {[%clk 0:12:46]} 48. hxg4 {[%clk 0:23:44]} a2
{[%clk 0:11:10]} 49. Ra1 {[%clk 0:24:01]} b3 {[%clk 0:10:29]} 50. Kg2
{[%clk 0:23:43]} Rc8 {[%clk 0:09:51]} 51. Kf3 {[%clk 0:21:57]} Rc4
{[%clk 0:08:50]} 52. Rb6 {[%clk 0:20:23]} Rf4+ {[%clk 0:07:13]} 53. Ke2
{[%clk 0:20:36]} Bxe5 {[%clk 0:06:19]} 54. Rxb3 {[%clk 0:20:59]} Ra4
{[%clk 0:04:59]} 55. Kd2 {[%clk 0:20:42]} Kg7 {[%clk 0:04:56]} 56. Rb7+
{[%clk 0:20:52]} Kf6 {[%clk 0:04:52]} 57. Rb6+ {[%clk 0:21:00]} Kg7
{[%clk 0:04:12]} 58. Kc2 {[%clk 0:21:16]} Bf6 {[%clk 0:03:35]} 59. Kb3
{[%clk 0:21:03]} Rxg4 {[%clk 0:04:02]} 60. Rxa2 {[%clk 0:21:26]} Rf4
{[%clk 0:04:26]} 61. Kc2 {[%clk 0:21:11]} g4 {[%clk 0:03:30]} 62. Ra7+
{[%clk 0:20:14]} Kg6 {[%clk 0:03:56]} 63. Ra8 {[%clk 0:20:24]} Rf2+
{[%clk 0:03:20]} 64. Kd3 {[%clk 0:19:32]} Rxb2 {[%clk 0:02:46]} 65. Rc6
{[%clk 0:16:38]} Rf2 {[%clk 0:02:42]} 66. Rg8+ {[%clk 0:15:56]} Kh5
{[%clk 0:02:09]} 67. Rf8 {[%clk 0:16:18]} Kg6 {[%clk 0:02:04]} 68. Ke3
{[%clk 0:16:16]} Rf1 {[%clk 0:01:46]} 69. Ke4 {[%clk 0:15:45]} Kg7
{[%clk 0:01:16]} 70. Ra8 {[%clk 0:15:28]} Rf2 {[%clk 0:01:24]} 71. Rc7+
{[%clk 0:14:35]} Kg6 {[%clk 0:01:49]} 72. Rg8+ {[%clk 0:14:58]} Kh5
{[%clk 0:02:15]} 73. Rf7 {[%clk 0:15:17]} Re2+ {[%clk 0:02:16]} 74. Kf5
{[%clk 0:15:31]} Rf2+ {[%clk 0:02:32]} 75. Ke4 {[%clk 0:15:49]} Re2+
{[%clk 0:02:42]} 76. Kf5 {[%clk 0:16:14]} Rf2+ {[%clk 0:03:09]} 77. Ke4
{[%clk 0:16:40]} 1/2-1/2

[Event "Agen 2017 - National Féminin"]
[Site "?"]
[Date "2017.08.25"]
[Round "7.3"]
[White "Leconte, Maria"]
[Black "Maisuradze, Nino"]
[Result "1/2-1/2"]
[BlackElo "2280"]
[WhiteElo "2208"]
[LiveChessVersion "1.4.8"]

1. e4 {[%clk 1:30:52]} d5 {[%clk 1:29:54]} 2. exd5 {[%clk 1:30:49]} Nf6
{[%clk 1:30:16]} 3. d4 {[%clk 1:17:00]} Bg4 {[%clk 1:29:45]} 4. Be2
{[%clk 1:16:32]} Bxe2 {[%clk 1:29:55]} 5. Qxe2 {[%clk 1:16:50]} Qxd5
{[%clk 1:30:10]} 6. Nf3 {[%clk 1:17:09]} Nc6 {[%clk 1:30:06]} 7. c3
{[%clk 1:12:47]} O-O-O {[%clk 1:25:57]} 8. O-O {[%clk 1:12:00]} Qh5
{[%clk 1:25:15]} 9. Na3 {[%clk 0:47:34]} e6 {[%clk 1:16:59]} 10. Nc4
{[%clk 0:47:52]} Rg8 {[%clk 1:11:49]} 11. Nce5 {[%clk 0:40:38]} Nxe5
{[%clk 1:11:15]} 12. dxe5 {[%clk 0:40:58]} Nd7 {[%clk 1:10:23]} 13. Re1
{[%clk 0:23:02]} g5 {[%clk 1:04:51]} 14. b4 {[%clk 0:22:14]} Nb6 {[%clk 0:53:54]}
15. a3 {[%clk 0:19:29]} Nd5 {[%clk 0:52:28]} 16. c4 {[%clk 0:18:54]} Nf4
{[%clk 0:51:48]} 17. Bxf4 {[%clk 0:18:59]} gxf4 {[%clk 0:52:16]} 18. Rad1
{[%clk 0:18:28]} Rxd1 {[%clk 0:51:52]} 19. Rxd1 {[%clk 0:17:57]} Qg4
{[%clk 0:52:08]} 20. g3 {[%clk 0:18:18]} fxg3 {[%clk 0:50:35]} 21. hxg3
{[%clk 0:16:28]} Be7 {[%clk 0:50:32]} 22. Kg2 {[%clk 0:14:06]} h5
{[%clk 0:50:12]} 23. Rd4 {[%clk 0:14:19]} Qg7 {[%clk 0:47:01]} 24. c5
{[%clk 0:13:31]} c6 {[%clk 0:37:43]} 25. b5 {[%clk 0:13:57]} h4 {[%clk 0:31:17]}
26. Nxh4 {[%clk 0:13:32]} Bxh4 {[%clk 0:23:50]} 27. Rxh4 {[%clk 0:13:53]} cxb5
{[%clk 0:24:14]} 28. a4 {[%clk 0:09:17]} Rd8 {[%clk 0:17:38]} 29. axb5
{[%clk 0:06:17]} Rd5 {[%clk 0:17:37]} 30. b6 {[%clk 0:06:43]} axb6
{[%clk 0:15:41]} 31. cxb6 {[%clk 0:07:07]} Qxe5 {[%clk 0:15:41]} 32. Rc4+
{[%clk 0:04:55]} Kb8 {[%clk 0:12:04]} 33. Qc2 {[%clk 0:01:48]} Rd8
{[%clk 0:12:18]} 34. Qa4 {[%clk 0:01:08]} Qd5+ {[%clk 0:12:38]} 35. Kh2
{[%clk 0:01:08]} Rh8+ {[%clk 0:12:44]} 36. Rh4 {[%clk 0:01:36]} Rxh4+
{[%clk 0:12:31]} 37. Qxh4 {[%clk 0:02:02]} Kc8 {[%clk 0:09:34]} 38. Qe7
{[%clk 0:02:26]} Qh5+ {[%clk 0:05:29]} 39. Kg2 {[%clk 0:02:50]} Qd5+
{[%clk 0:05:54]} 40. Kh2 {[%clk 0:33:17]} Qh5+ {[%clk 0:36:18]} 41. Kg2
{[%clk 0:33:43]} 1/2-1/2

[Event "Agen 2017 - National Féminin"]
[Site "?"]
[Date "2017.08.25"]
[Round "7.4"]
[White "Collas, Silvia"]
[Black "Roumegous, Marina"]
[Result "1-0"]
[BlackElo "2142"]
[WhiteElo "2289"]
[LiveChessVersion "1.4.8"]

1. c4 {[%clk 1:30:51]} Nf6 {[%clk 1:30:15]} 2. Nc3 {[%clk 1:30:54]} e5
{[%clk 1:30:12]} 3. g3 {[%clk 1:30:05]} d5 {[%clk 1:28:55]} 4. cxd5
{[%clk 1:30:29]} Nxd5 {[%clk 1:29:22]} 5. Bg2 {[%clk 1:30:54]} Nb6
{[%clk 1:28:57]} 6. e3 {[%clk 1:30:56]} Be7 {[%clk 1:27:10]} 7. Nge2
{[%clk 1:31:19]} O-O {[%clk 1:17:54]} 8. O-O {[%clk 1:30:55]} N8d7
{[%clk 1:14:51]} 9. b3 {[%clk 1:26:35]} c6 {[%clk 1:13:57]} 10. Qc2
{[%clk 1:15:09]} a5 {[%clk 1:05:01]} 11. Bb2 {[%clk 1:11:37]} Qe8
{[%clk 1:03:08]} 12. f4 {[%clk 1:08:19]} f6 {[%clk 1:00:38]} 13. f5
{[%clk 1:02:06]} Qh5 {[%clk 0:55:53]} 14. h3 {[%clk 0:58:22]} Rd8
{[%clk 0:55:22]} 15. Kh2 {[%clk 0:58:20]} Nf8 {[%clk 0:55:23]} 16. g4
{[%clk 0:54:19]} Qh6 {[%clk 0:55:23]} 17. Ne4 {[%clk 0:53:05]} g5
{[%clk 0:48:57]} 18. N2g3 {[%clk 0:39:03]} Nd5 {[%clk 0:42:08]} 19. a3
{[%clk 0:39:11]} Nd7 {[%clk 0:42:13]} 20. Nh5 {[%clk 0:37:47]} Ra6
{[%clk 0:41:42]} 21. h4 {[%clk 0:34:21]} gxh4 {[%clk 0:36:15]} 22. Rf3
{[%clk 0:34:16]} Kf7 {[%clk 0:30:08]} 23. Rg1 {[%clk 0:31:18]} Rg8
{[%clk 0:30:05]} 24. Bf1 {[%clk 0:30:54]} b5 {[%clk 0:25:54]} 25. Rh3
{[%clk 0:27:29]} Qf8 {[%clk 0:24:07]} 26. a4 {[%clk 0:27:53]} Rb6
{[%clk 0:23:45]} 27. axb5 {[%clk 0:27:02]} cxb5 {[%clk 0:24:09]} 28. Bxb5
{[%clk 0:18:54]} Rxb5 {[%clk 0:22:17]} 29. Qc6 {[%clk 0:19:19]} Ba6
{[%clk 0:14:39]} 30. Qxd7 {[%clk 0:13:23]} 1-0

[Event "Agen 2017 - National Féminin"]
[Site "?"]
[Date "2017.08.25"]
[Round "7.5"]
[White "Malassagne, Isabelle"]
[Black "Navrotescu, Andreea"]
[Result "1/2-1/2"]
[BlackElo "2150"]
[WhiteElo "2061"]
[LiveChessVersion "1.4.8"]

1. d4 {[%clk 1:30:56]} Nf6 {[%clk 1:30:52]} 2. c4 {[%clk 1:31:20]} g6
{[%clk 1:31:11]} 3. g3 {[%clk 1:31:44]} Bg7 {[%clk 1:31:21]} 4. Bg2
{[%clk 1:32:09]} d5 {[%clk 1:25:16]} 5. cxd5 {[%clk 1:32:17]} Nxd5
{[%clk 1:25:39]} 6. e4 {[%clk 1:32:32]} Nb6 {[%clk 1:25:51]} 7. Ne2
{[%clk 1:32:46]} e5 {[%clk 1:22:58]} 8. d5 {[%clk 1:30:56]} c6 {[%clk 1:22:08]}
9. O-O {[%clk 1:29:28]} O-O {[%clk 1:18:48]} 10. Nbc3 {[%clk 1:28:56]} f5
{[%clk 1:18:41]} 11. exf5 {[%clk 1:17:05]} gxf5 {[%clk 1:14:16]} 12. Be3
{[%clk 1:11:20]} e4 {[%clk 1:03:43]} 13. dxc6 {[%clk 0:58:25]} Qxd1
{[%clk 1:02:59]} 14. Raxd1 {[%clk 0:58:48]} Nxc6 {[%clk 1:03:23]} 15. Bc5
{[%clk 0:53:09]} Rf7 {[%clk 0:56:12]} 16. f3 {[%clk 0:49:34]} exf3
{[%clk 0:44:59]} 17. Bxf3 {[%clk 0:49:50]} Be6 {[%clk 0:45:20]} 18. Rd6
{[%clk 0:42:59]} Bf8 {[%clk 0:44:06]} 19. Rxe6 {[%clk 0:41:19]} Bxc5+
{[%clk 0:44:34]} 20. Kg2 {[%clk 0:41:42]} Re7 {[%clk 0:27:59]} 21. Rxe7
{[%clk 0:41:11]} Nxe7 {[%clk 0:27:56]} 22. Bxb7 {[%clk 0:36:01]} Rb8
{[%clk 0:28:25]} 23. Ba6 {[%clk 0:36:24]} Kg7 {[%clk 0:25:39]} 24. Nf4
{[%clk 0:33:36]} Kf6 {[%clk 0:24:56]} 25. Re1 {[%clk 0:31:57]} Bb4
{[%clk 0:21:04]} 26. Re6+ {[%clk 0:24:18]} Kf7 {[%clk 0:21:33]} 27. Re3
{[%clk 0:24:43]} Kf6 {[%clk 0:19:44]} 28. a3 {[%clk 0:18:46]} Bxc3
{[%clk 0:17:04]} 29. Rxc3 {[%clk 0:19:15]} Na4 {[%clk 0:17:03]} 30. Rc2
{[%clk 0:16:45]} Rxb2 {[%clk 0:16:38]} 31. Rxb2 {[%clk 0:17:11]} Nxb2
{[%clk 0:17:01]} 32. Kf3 {[%clk 0:15:44]} Nc6 {[%clk 0:14:04]} 33. Ke3
{[%clk 0:13:24]} Nd1+ {[%clk 0:13:44]} 34. Ke2 {[%clk 0:13:42]} Nc3+
{[%clk 0:12:45]} 35. Ke3 {[%clk 0:13:22]} Ke5 {[%clk 0:12:13]} 36. Nd3+
{[%clk 0:12:20]} Kf6 {[%clk 0:12:23]} 37. Nf4 {[%clk 0:12:45]} Ke5
{[%clk 0:12:49]} 38. Nd3+ {[%clk 0:13:11]} Kf6 {[%clk 0:13:15]} 39. Nf4
{[%clk 0:13:37]} Ke5 {[%clk 0:13:36]} 40. Nd3+ {[%clk 0:44:06]} 1/2-1/2

[Event "Agen 2017 - Accession"]
[Site "?"]
[Date "2017.08.19"]
[Round "7.1"]
[White "Loiseau, Quentin"]
[Black "Barbot, Pierre"]
[Result "1-0"]
[LiveChessVersion "1.4.8"]
[BlackElo "2453"]
[WhiteElo "2425"]

1. Nf3 {[%clk 1:30:55]} Nf6 {[%clk 1:30:53]} 2. c4 {[%clk 1:31:20]} e6
{[%clk 1:30:44]} 3. Nc3 {[%clk 1:29:55]} Bb4 {[%clk 1:31:09]} 4. Qc2
{[%clk 1:28:11]} O-O {[%clk 1:31:03]} 5. a3 {[%clk 1:28:13]} Bxc3
{[%clk 1:31:21]} 6. Qxc3 {[%clk 1:28:41]} b6 {[%clk 1:31:42]} 7. e3
{[%clk 1:28:01]} Bb7 {[%clk 1:31:24]} 8. Be2 {[%clk 1:28:16]} Ne4
{[%clk 1:29:26]} 9. Qc2 {[%clk 1:24:07]} f5 {[%clk 1:28:24]} 10. d3
{[%clk 1:22:51]} Nf6 {[%clk 1:28:50]} 11. b3 {[%clk 1:22:05]} d6 {[%clk 1:29:15]}
12. Bb2 {[%clk 1:20:47]} Nbd7 {[%clk 1:29:41]} 13. h3 {[%clk 1:19:35]} Qe7
{[%clk 1:23:24]} 14. O-O {[%clk 1:11:48]} Rae8 {[%clk 1:18:19]} 15. Rae1
{[%clk 1:09:35]} Qf7 {[%clk 1:16:22]} 16. Nd2 {[%clk 1:00:10]} e5
{[%clk 1:10:31]} 17. g3 {[%clk 0:30:26]} Qg6 {[%clk 1:07:25]} 18. Bf3
{[%clk 0:27:52]} e4 {[%clk 1:07:01]} 19. Bg2 {[%clk 0:25:58]} Ne5
{[%clk 1:01:50]} 20. Bxe5 {[%clk 0:24:47]} Rxe5 {[%clk 1:02:16]} 21. Rd1
{[%clk 0:22:59]} h5 {[%clk 0:56:20]} 22. dxe4 {[%clk 0:21:25]} fxe4
{[%clk 0:55:36]} 23. f4 {[%clk 0:21:41]} Re7 {[%clk 0:54:42]} 24. Kh2
{[%clk 0:22:03]} Bc8 {[%clk 0:54:33]} 25. Nb1 {[%clk 0:20:30]} h4
{[%clk 0:47:26]} 26. gxh4 {[%clk 0:20:36]} Bb7 {[%clk 0:39:43]} 27. Rg1
{[%clk 0:16:25]} Qh5 {[%clk 0:39:18]} 28. Qf2 {[%clk 0:15:34]} d5
{[%clk 0:39:30]} 29. cxd5 {[%clk 0:13:06]} Nxd5 {[%clk 0:39:59]} 30. Rd4
{[%clk 0:09:32]} Nf6 {[%clk 0:40:25]} 31. Bf1 {[%clk 0:09:01]} c5
{[%clk 0:39:46]} 32. Bc4+ {[%clk 0:09:26]} Kh8 {[%clk 0:36:44]} 33. Rd6
{[%clk 0:09:39]} Qf3 {[%clk 0:29:29]} 34. Qe1 {[%clk 0:07:56]} Bc8
{[%clk 0:29:58]} 35. Rg3 {[%clk 0:08:16]} Qh5 {[%clk 0:30:24]} 36. Rg5
{[%clk 0:08:25]} Qf3 {[%clk 0:30:50]} 37. Rg3 {[%clk 0:08:42]} Qh5
{[%clk 0:31:16]} 38. Rg5 {[%clk 0:08:30]} Qh6 {[%clk 0:30:47]} 39. Nc3
{[%clk 0:08:11]} Rfe8 {[%clk 0:27:10]} 40. Nd5 {[%clk 0:31:37]} Re6
{[%clk 0:55:06]} 41. Nxf6 {[%clk 0:29:57]} Rxf6 {[%clk 0:55:35]} 42. Rdd5
{[%clk 0:28:06]} g6 {[%clk 0:55:47]} 43. Qc3 {[%clk 0:27:38]} Qg7
{[%clk 0:56:16]} 44. Rh5+ {[%clk 0:27:40]} 1-0

[Event "Agen 2017 - Accession"]
[Site "?"]
[Date "2017.08.19"]
[Round "7.2"]
[White "Philippe, Guillaume"]
[Black "Degraeve, Jean-Marc"]
[Result "0-1"]
[LiveChessVersion "1.4.8"]
[BlackElo "2587"]
[WhiteElo "2364"]

1. e4 {[%clk 1:30:52]} g6 {[%clk 1:31:17]} 2. d4 {[%clk 1:30:33]} Bg7
{[%clk 1:31:39]} 3. Nc3 {[%clk 1:29:57]} c6 {[%clk 1:32:01]} 4. Nf3
{[%clk 1:29:58]} d6 {[%clk 1:31:02]} 5. a4 {[%clk 1:29:23]} Nf6 {[%clk 1:31:14]}
6. Be2 {[%clk 1:29:44]} O-O {[%clk 1:30:43]} 7. O-O {[%clk 1:30:00]} Qc7
{[%clk 1:29:25]} 8. h3 {[%clk 1:22:11]} e5 {[%clk 1:28:04]} 9. dxe5
{[%clk 1:15:49]} dxe5 {[%clk 1:27:32]} 10. Be3 {[%clk 1:16:13]} Nbd7
{[%clk 1:27:39]} 11. Bc4 {[%clk 1:13:41]} b6 {[%clk 1:08:05]} 12. Qb1
{[%clk 1:11:55]} Ne8 {[%clk 1:03:13]} 13. Qa2 {[%clk 1:08:24]} Nd6
{[%clk 1:01:57]} 14. Bb3 {[%clk 1:08:50]} Nc5 {[%clk 0:54:08]} 15. Bxc5
{[%clk 0:46:59]} bxc5 {[%clk 0:48:00]} 16. Rfd1 {[%clk 0:46:05]} Rb8
{[%clk 0:36:12]} 17. Qa3 {[%clk 0:40:27]} c4 {[%clk 0:27:32]} 18. Qxd6
{[%clk 0:39:04]} Qxd6 {[%clk 0:27:55]} 19. Rxd6 {[%clk 0:39:30]} cxb3
{[%clk 0:28:21]} 20. cxb3 {[%clk 0:39:41]} Rxb3 {[%clk 0:28:45]} 21. Rxc6
{[%clk 0:39:33]} Rxb2 {[%clk 0:28:29]} 22. Rc7 {[%clk 0:39:48]} Rb7
{[%clk 0:28:13]} 23. Rxb7 {[%clk 0:38:32]} Bxb7 {[%clk 0:28:41]} 24. Rb1
{[%clk 0:32:57]} Bc6 {[%clk 0:14:26]} 25. Rb4 {[%clk 0:33:05]} f6
{[%clk 0:14:51]} 26. Rc4 {[%clk 0:33:21]} Bb7 {[%clk 0:14:59]} 27. Nd2
{[%clk 0:18:36]} Rc8 {[%clk 0:07:12]} 28. Rxc8+ {[%clk 0:18:56]} Bxc8
{[%clk 0:07:40]} 29. Kf1 {[%clk 0:12:08]} Bf8 {[%clk 0:08:00]} 30. Ke2
{[%clk 0:12:04]} Kf7 {[%clk 0:08:13]} 31. Kd3 {[%clk 0:11:45]} Bc5
{[%clk 0:04:10]} 32. f3 {[%clk 0:12:04]} Ke6 {[%clk 0:04:03]} 33. Kc4
{[%clk 0:11:57]} Bf2 {[%clk 0:04:27]} 34. Ndb1 {[%clk 0:08:44]} h5
{[%clk 0:03:24]} 35. Na3 {[%clk 0:08:51]} a6 {[%clk 0:01:57]} 36. Nd5
{[%clk 0:05:58]} f5 {[%clk 0:01:08]} 37. Nb1 {[%clk 0:04:51]} fxe4
{[%clk 0:01:27]} 38. fxe4 {[%clk 0:05:16]} Kd6 {[%clk 0:01:22]} 39. Nbc3
{[%clk 0:04:37]} Be6 {[%clk 0:31:11]} 40. Ne2 {[%clk 0:32:31]} g5
{[%clk 0:31:26]} 41. Nc1 {[%clk 0:31:18]} g4 {[%clk 0:29:56]} 42. hxg4
{[%clk 0:31:19]} Bxg4 {[%clk 0:28:28]} 43. Nb4 {[%clk 0:24:12]} h4
{[%clk 0:27:03]} 44. Nbd3 {[%clk 0:15:00]} Bg3 {[%clk 0:25:46]} 45. Kc3
{[%clk 0:15:05]} Bf3 {[%clk 0:24:39]} 46. gxf3 {[%clk 0:13:36]} h3
{[%clk 0:25:05]} 47. Ne2 {[%clk 0:14:01]} Bh4 {[%clk 0:25:32]} 48. Kd4 0-1

[Event "Agen 2017 - Accession"]
[Site "?"]
[Date "2017.08.19"]
[Round "7.3"]
[White "Le Roux, Jean-Pierre"]
[Black "Bellahcene, Bilel"]
[Result "1-0"]
[LiveChessVersion "1.4.8"]
[BlackElo "2481"]
[WhiteElo "2543"]

1. d4 {[%clk 1:30:58]} Nf6 {[%clk 1:23:26]} 2. Bf4 {[%clk 1:30:58]} e6
{[%clk 1:23:52]} 3. Nf3 {[%clk 1:30:37]} d5 {[%clk 1:19:00]} 4. e3
{[%clk 1:30:41]} c5 {[%clk 1:19:27]} 5. c3 {[%clk 1:30:28]} Nc6 {[%clk 1:19:52]}
6. Nbd2 {[%clk 1:30:11]} Bd6 {[%clk 1:20:18]} 7. Bg3 {[%clk 1:29:08]} O-O
{[%clk 1:20:43]} 8. Bb5 {[%clk 1:27:57]} Bxg3 {[%clk 1:21:05]} 9. hxg3
{[%clk 1:28:20]} Qb6 {[%clk 1:21:33]} 10. Qe2 {[%clk 1:20:42]} a6
{[%clk 1:09:59]} 11. Bxc6 {[%clk 1:19:10]} bxc6 {[%clk 1:10:25]} 12. Nb3
{[%clk 1:14:29]} cxd4 {[%clk 1:10:40]} 13. exd4 {[%clk 1:14:43]} Ne4
{[%clk 1:01:29]} 14. O-O-O {[%clk 1:07:03]} f6 {[%clk 0:55:26]} 15. Rh4
{[%clk 0:50:00]} e5 {[%clk 0:51:49]} 16. Nfd2 {[%clk 0:42:47]} Nxd2
{[%clk 0:50:40]} 17. Rxd2 {[%clk 0:43:09]} Bf5 {[%clk 0:51:02]} 18. dxe5
{[%clk 0:31:14]} Rae8 {[%clk 0:47:11]} 19. Rb4 {[%clk 0:25:39]} Qa7
{[%clk 0:44:30]} 20. Qe3 {[%clk 0:21:16]} Qc7 {[%clk 0:35:49]} 21. g4
{[%clk 0:16:26]} a5 {[%clk 0:16:52]} 22. Qb6 {[%clk 0:15:12]} Qxe5
{[%clk 0:16:34]} 23. Nxa5 {[%clk 0:11:48]} Bg6 {[%clk 0:13:56]} 24. f4
{[%clk 0:10:05]} Qe1+ {[%clk 0:13:16]} 25. Rd1 {[%clk 0:10:31]} Qg3
{[%clk 0:13:32]} 26. f5 {[%clk 0:10:14]} Bf7 {[%clk 0:14:02]} 27. Nxc6
{[%clk 0:09:40]} Re2 {[%clk 0:11:45]} 28. a4 {[%clk 0:07:11]} Rfe8
{[%clk 0:09:00]} 29. Nd4 {[%clk 0:03:45]} Rxg2 {[%clk 0:08:28]} 30. a5
{[%clk 0:03:31]} Qxg4 {[%clk 0:08:58]} 31. Qb5 {[%clk 0:01:41]} Qe4
{[%clk 0:07:21]} 32. Qd3 {[%clk 0:01:05]} Qf4+ {[%clk 0:04:48]} 33. Kb1
{[%clk 0:01:30]} Bh5 {[%clk 0:05:18]} 34. Rh1 {[%clk 0:00:34]} Bg4
{[%clk 0:04:24]} 35. a6 {[%clk 0:00:35]} Ra8 {[%clk 0:02:11]} 36. Re1
{[%clk 0:00:41]} h5 {[%clk 0:02:20]} 37. Rb7 {[%clk 0:00:38]} h4 {[%clk 0:00:37]}
38. Rxg7+ {[%clk 0:00:50]} Kh8 {[%clk 0:01:03]} 39. Ree7 {[%clk 0:00:35]} Bf3
{[%clk 0:00:32]} 40. Rh7+ {[%clk 0:30:52]} Kg8 1-0